Aeropuertos con más pasajeros de Brasil - Estadísticas

Estadísticas generales
  • Esta prueba ha sido intentada 50 veces
  • La puntuación promedio es 16 de 30
Estadísticas de respuestas
# Aeropuerto
IATA
% Correcto
22.3 m São Paulo Congonhas CGH
100%
42.2 m São Paulo Guarulhos GRU
100%
10.2 m São Paulo Viracopos / Campinas VCP
100%
13.5 m Rio de Janeiro Galeão GIG
97%
8.93 m Rio de Janeiro Santos Dumont SDU
97%
16.6 m Brasilia BSB
95%
7.09 m Fortaleza FOR
84%
6.40 m Curitiba CWB
76%
2.97 m Manaos MAO
76%
10.7 m Belo Horizonte CNF
73%
8.64 m Recife REC
73%
7.35 m Salvador SSA
73%
8.11 m Porto Alegre POA
70%
3.54 m Belém BEL
65%
3.73 m Florianópolis FLN
57%
2.29 m Natal NAT
54%
3.11 m Goiânia GYN
46%
1.62 m São Luís SLZ
35%
2.29 m Foz do Iguaçu IGU
32%
1.32 m João Pessoa JPA
27%
2.10 m Maceió MCZ
27%
3.24 m Vitória VIX
27%
1.50 m Campo Grande CGR
24%
1.15 m Teresina THE
24%
2.90 m Cuiabá CGB
22%
1.13 m Uberlândia UDI
22%
973 k Londrina LDB
16%
1.12 m Aracaju AJU
14%
1.89 m Navegantes NVT
11%
1.87 m Porto Seguro BPS
8%
No se encontraron pruebas coincidentes
Distribución de puntuación
Porcentaje de gente con cada puntuación
Porcentaje por número respondido
Historial de tus puntuaciones
No has intentado esta prueba.